书目信息 |
| 题名: |
教与学心理案例
|
|
| 作者: | 卢秀安 主编 | |
| 分册: | ||
| 出版信息: | 广州 广东高等教育出版社 2002 |
|
| 页数: | 312页 | |
| 开本: | 20cm | |
| 丛书名: | ||
| 单 册: | ||
| 中图分类: | G441 , G442 , G44 | |
| 科图分类: | ||
| 主题词: | 教学心理学--教学参考资料 , 学习心理学--教学参考资料 | |
| 电子资源: | ||
| ISBN: | 7-5361-2632-8 | |
| 000 | 00792nam0 2200265 450 | |
| 001 | 1532200754 | |
| 005 | 20150127085730.32 | |
| 010 | @a7-5361-2632-8@dCNY18.00 | |
| 100 | @a20020409d2002 em y0chiy0110 ea | |
| 101 | 0 | @achi |
| 102 | @aCN@b440000 | |
| 105 | @ay z 000yy | |
| 200 | 1 | @a教与学心理案例@9jiao yu xue xin li an li@f卢秀安等主编 |
| 210 | @a广州@c广东高等教育出版社@d2002 | |
| 215 | @a312页@d20cm | |
| 300 | @a公共心理学参考书 | |
| 330 | @a本书内容由四部分组成:第一章:原理篇;第二章:咨询篇;第三章:训练篇;第四章:检验篇。 | |
| 606 | 0 | @a教学心理学@j教学参考资料 |
| 606 | 0 | @a学习心理学@j教学参考资料 |
| 690 | @aG441@v5 | |
| 690 | @aG442@v5 | |
| 690 | @aG44@v4 | |
| 701 | 0 | @a卢秀安@9lu xiu an@4主编 |
| 801 | 0 | @aCN@bTSSF@c20150127 |
| 905 | @aZUCC@dG44@eJY244 | |
| 教与学心理案例/卢秀安等主编.-广州:广东高等教育出版社,2002 |
| 312页;20cm |
| 公共心理学参考书 |
| ISBN 7-5361-2632-8:CNY18.00 |
| 本书内容由四部分组成:第一章:原理篇;第二章:咨询篇;第三章:训练篇;第四章:检验篇。 |
| ● |
| 相关链接 |
|
|
|
|
正题名:教与学心理案例
索取号:G44/JY244
 
预约/预借
| 序号 | 登录号 | 条形码 | 馆藏地/架位号 | 状态 | 备注 |
| 1 | 7860505 | 278605056 | 学院路分馆/ [索取号:G44/JY244] | 在馆 |